00315 a2200133 4500001000700000020002200007040001100029100003000040240003900070245003400109300000700143362000900150440002200159171898 a978-85-10-04156-0 cMagnum aCastro, Maria da Glória10aQuem roubou minha infância?lpor10aQuem roubou minha infância? a390 a2005 1aEditora do Brasil